| 000 | 00875 a2200241 4500 | ||
|---|---|---|---|
| 003 | NUST | ||
| 005 | 20221230184943.0 | ||
| 010 | _a 78002753 | ||
| 020 | _a0839112033 | ||
| 040 | _cNust | ||
| 082 | 0 | 0 | _a363.6,NOI |
| 245 | 0 | 0 |
_aNoise and audiology / _cedited by David M. Lipscomb. |
| 260 |
_aBaltimore : _bUniversity Park Press, _cc1978. |
||
| 300 |
_axii, 476 p. : _bill. ; _c24 cm. |
||
| 440 | 0 |
_aPerspectives in audiology series _9100441 |
|
| 505 | _aBackground Information (Page-3), Auditory of Noise Exposure (Page-83), Government activities in Noise Control (Page-245), Role of Audiologists in Noise Related Activities (Page-299). | ||
| 650 | 0 |
_aAudiology. _956919 |
|
| 650 | 0 |
_aDeafness, Noise induced. _9106547 |
|
| 650 | 0 | _aNoise control. | |
| 650 | 0 |
_aNoise _xAdverse effects. _9106548 |
|
| 700 | 1 |
_aLipscomb, David M. _9106549 |
|
| 942 |
_2ddc _cBK _k363.6,NOI |
||
| 999 |
_c185766 _d185766 |
||